Т.II: Производство сульфатной целлюлозы; Технология и целлюлозы

Bibliografiske detaljer
Parent link:Технология и целлюлозы: учебное пособие/ Ю. Н. Непенин. Т.II: Производство сульфатной целлюлозы.— , 1963-
Sprog:russisk
Udgivet: 1963
Fag:
Format: MixedMaterials Bog
KOHA link:https://koha.lib.tpu.ru/cgi-bin/koha/opac-detail.pl?biblionumber=121936

MARC

LEADER 00000nam2a2200000 4500
001 121936
005 20231031125742.0
035 |a (RuTPU)RU\TPU\book\132044 
090 |a 121936 
100 |a 20070924d1963 m y0rusy50 ca 
101 0 |a rus 
102 |a RU 
105 |a ad j 001zy 
200 0 |a Т.II: Производство сульфатной целлюлозы 
210 |d 1963 
215 |a 936 с.  |c ил. 
320 |a Библиография в конце глав. 
461 1 |0 (RuTPU)RU\TPU\book\145464  |t Технология и целлюлозы  |o учебное пособие  |f Ю. Н. Непенин  |v Т.II: Производство сульфатной целлюлозы  |d 1963-  
610 1 |a технология 
610 1 |a целлюлоза 
610 1 |a производство 
610 1 |a целлюлозное производство 
610 1 |a учебные пособия 
610 1 |a подготовка 
610 1 |a техника 
610 1 |a варка 
610 1 |a промывка 
610 1 |a выпарка 
610 1 |a сжигание 
610 1 |a каустизация 
610 1 |a кругооборот 
610 1 |a химикалии 
610 1 |a очистка 
610 1 |a обезвоживание 
610 1 |a сушка 
610 1 |a отбелка 
610 1 |a облагораживание 
610 1 |a побочные продукты 
675 |a 661.713(02)  |v 3 
801 1 |a RU  |b 63413507  |c 20070924  |g PSBO 
801 2 |a RU  |b 63413507  |c 20080924  |g PSBO 
942 |c BK